000 00482nam a2200181Ia 4500
005 20250326141403.0
008 250326s9999 xx 000 0 und d
037 _aTextbook
040 _aFMSL
_beng
_cFMSL
041 _aeng
_2eng
084 _qFMSL
100 _aLevin Richard I
245 0 _aStatistics for management
_cLevin Richard I; Rubin David
260 _aNew Delhi
_bNew Delhi, Prentice-Hall
_c1991
300 _a862p
942 _cTB
999 _c1290064
_d1290064